Premier League Winning XIs - Statistics

General Stats
  • This quiz has been taken 579 times
    419 since last reset
  • The average score is 93 of 144
Answer Stats
Answer % Correct
Erling Haaland
96%
Ederson
94%
Sergio Agüero
94%
Kyle Walker
93%
Bernardo Silva
92%
Mohamed Salah
92%
David Silva
91%
Ole Gunnar Solskjær
91%
Thierry Henry
91%
Alisson
90%
Gilberto Silva
90%
Jamie Vardy
90%
Sadio Mané
90%
Virgil van Dijk
90%
Wayne Rooney
90%
Kasper Schmeichel
89%
Edwin van der Sar
88%
John Stones
88%
Kevin De Bruyne
88%
Petr Čech
88%
Riyad Mahrez
88%
Roberto Firmino
88%
Andrew Robertson
87%
N'Golo Kanté
87%
Trent Alexander-Arnold
87%
Cristiano Ronaldo
86%
John Terry
86%
Phil Foden
86%
Rúben Dias
86%
Frank Lampard
85%
Jordan Henderson
85%
Rio Ferdinand
85%
Park Ji-sung
84%
Rodri
84%
Vincent Kompany
84%
Didier Drogba
83%
Ashley Cole
82%
Joe Cole
82%
Joe Hart
82%
Eden Hazard
81%
Nathan Aké
81%
Nemanja Vidić
81%
Raheem Sterling
81%
Ryan Giggs
81%
Thibaut Courtois
80%
Phil Neville
79%
David de Gea
78%
Gary Neville
78%
Fabinho
77%
Dennis Bergkamp
76%
Jack Grealish
76%
İlkay Gündoğan
75%
Paul Scholes
75%
Diego Costa
74%
Robin van Persie
74%
Danny Drinkwater
73%
David Beckham
73%
Joe Gomez
73%
Manuel Akanji
73%
Patrick Vieira
73%
Michael Carrick
72%
Carlos Tevez
71%
Georginio Wijnaldum
71%
Patrice Evra
71%
Robert Pirès
70%
Leroy Sané
69%
Edin Džeko
67%
Fernandinho
67%
Gabriel Jesus
67%
Sol Campbell
67%
Yaya Touré
67%
David Seaman
66%
Gary Cahill
66%
João Cancelo
66%
Kolo Touré
66%
Wes Morgan
66%
Nicolás Otamendi
64%
Roy Keane
64%
César Azpilicueta
63%
Ruud van Nistelrooy
63%
Cesc Fàbregas
62%
Julián Álvarez
62%
Willian
62%
Jens Lehmann
61%
Joško Gvardiol
61%
Nani
61%
Aymeric Laporte
60%
David Luiz
60%
Dimitar Berbatov
60%
Nicolas Anelka
60%
Pablo Zabaleta
60%
Ricardo Carvalho
59%
Shinji Okazaki
58%
Branislav Ivanović
57%
Marcos Alonso
57%
Robert Huth
57%
Fabien Barthez
56%
Marc Albrighton
54%
Christian Fuchs
53%
Gaël Clichy
52%
Michael Essien
52%
Nemanja Matić
52%
Samir Nasri
51%
Danny Simpson
50%
Darren Fletcher
50%
John O'Shea
50%
Michael Ballack
50%
Pedro
49%
Wes Brown
49%
Antonio Valencia
48%
Freddie Ljungberg
48%
Oscar
48%
Rafael
48%
Aleksandar Kolarov
47%
Teddy Sheringham
47%
Claude Makélélé
46%
Micah Richards
45%
Victor Moses
45%
Nicky Butt
44%
John Obi Mikel
43%
Jonny Evans
43%
Florent Malouda
42%
Joleon Lescott
41%
Arjen Robben
40%
Lauren
40%
Martín Demichelis
39%
Gareth Barry
38%
Fabian Delph
35%
Álvaro Negredo
34%
Damian Duff
34%
Paulo Ferreira
34%
Tom Cleverley
34%
Martin Keown
33%
William Gallas
33%
Mikaël Silvestre
32%
Juan Sebastián Verón
29%
Louis Saha
28%
Sylvain Wiltord
28%
Ray Parlour
26%
Eiður Guðjohnsen
23%
Hernán Crespo
23%
Shinji Kagawa
19%
Asier del Horno
18%
Tiago Mendes
9%
No matching quizzes found
Score Distribution
Percent of People with Each Score
Percentile by Number Answered
Your Score History
You have not taken this quiz since the last reset